[Event "MVP-ch Seniors op 14th"]
[Site "Binz"]
[Date "2014.12.03"]
[Round "9"]
[White "Zoll, Theobald"]
[Black "Heinke, Richard"]
[Result "1-0"]
[WhiteElo "1466"]
[BlackElo "1340"]
[PlyCount "69"]
[EventDate "2014.11.25"]
[EventType "swiss"]
[EventRounds "9"]
[EventCountry "GER"]
[SourceTitle "EXT 2016"]
[Source "ChessBase"]
[SourceDate "2015.10.08"]
[SourceVersion "1"]
[SourceVersionDate "2015.10.08"]
[SourceQuality "1"]

1. b3 d5 2. Bb2 Nf6 3. Nf3 c6 4. e3 Bg4 5. h3 Bh5 6. Be2 Nbd7 7. d4 h6 8. Nbd2 e6 9. c4 Be7 10. c5 Bg6 11. b4 b6 12. a4 bxc5 13. bxc5 0-0 14. 0-0 Rb8 15. Qc1 Ne4 16. Ne1 Ndf6 17. Ndf3 Nd7 18. Nd3 f6 19. a5 Qc7 20. Bc3 Nxc3 21. Qxc3 Bf7 22. Rfc1 Rb5 23. Nb4 Rb7 24. Na6 Qc8 25. Nb4 Qc7 26. Bd3 Nb8 27. a6 Rb5 28. Bxb5 cxb5 29. Qd3 Be8 30. Qb3 Qc8 31. Ne1 Kh8 32. Ned3 Bd7 33. Ra2 f5 34. Ne5 Bf6 35. Ng6+ 1-0

[Event "MVP-ch Seniors op 14th"]
[Site "Binz"]
[Date "2014.12.01"]
[Round "7"]
[White "Zoll, Theobald"]
[Black "Graffenberger, Marianne"]
[Result "1-0"]
[WhiteElo "1466"]
[BlackElo "1246"]
[PlyCount "83"]
[EventDate "2014.11.25"]
[EventType "swiss"]
[EventRounds "9"]
[EventCountry "GER"]
[SourceTitle "EXT 2016"]
[Source "ChessBase"]
[SourceDate "2015.10.08"]
[SourceVersion "1"]
[SourceVersionDate "2015.10.08"]
[SourceQuality "1"]

1. b3 Nf6 2. c4 d5 3. cxd5 Qxd5 4. Nc3 Qc6 5. Bb2 g6 6. Rc1 Bg7 7. e3 0-0 8. Nf3 Bg4 9. Be2 Bxf3 10. Bxf3 Qa6 11. Na4 Nc6 12. a3 Rab8 13. Nc5 Qb5 14. Bxf6 Bxf6 15. Nd7 Ne5 16. Nxf6+ exf6 17. Be2 Nd3+ 18. Kf1 Qf5 19. Bxd3 Qxd3+ 20. Kg1 c6 21. Rc3 Qd6 22. b4 Rbd8 23. d4 b5 24. Qf3 Rc8 25. g3 Kg7 26. Kg2 Qd5 27. Rhc1 Qxf3+ 28. Kxf3 Rfd8 29. Rxc6 Rxc6 30. Rxc6 Rd7 31. Ke4 f5+ 32. Ke5 h5 33. h4 Re7+ 34. Kd6 Rb7 35. d5 Kf8 36. Rc8+ Kg7 37. Kc5 Kf6 38. d6 Ke6 39. Re8+ Kf6 40. Kc6 Rb6+ 41. Kc7 Ra6 42. d7 1-0

[Event "Bayern-ch Seniors 24nd"]
[Site "Bergen"]
[Date "2012.06.23"]
[Round "8"]
[White "Boldt, Heinrich"]
[Black "Zoll, Theobald"]
[Result "1-0"]
[WhiteElo "1754"]
[BlackElo "1582"]
[PlyCount "99"]
[EventDate "2012.06.16"]
[EventType "swiss"]
[EventRounds "9"]
[EventCountry "GER"]
[SourceTitle "EXT 2015"]
[Source "ChessBase"]
[SourceDate "2014.11.20"]
[SourceVersion "1"]
[SourceVersionDate "2014.11.20"]
[SourceQuality "1"]

1. Nf3 b6 2. d4 e6 3. c4 Bb7 4. e3 Nf6 5. Bd3 d5 6. 0-0 Nbd7 7. b3 Bd6 8. Bb2 0-0 9. Nbd2 c5 10. Qc2 h6 11. Rad1 Qc7 12. e4 cxd4 13. exd5 exd5 14. Bxd4 Rac8 15. Qb2 dxc4 16. Bxc4 Nh5 17. Rc1 Qb8 18. h3 Be7 19. Rfe1 Bf6 20. Bxf6 Ndxf6 21. Re7 Nd5 22. Re5 Nhf6 23. Rce1 Rfe8 24. Qd4 Rcd8 25. Rxe8+ Rxe8 26. Ne5 Re7 27. f4 Qd6 28. Ndf3 Nd7 29. Rd1 f6 30. Ng6 Rf7 31. Bxd5 Bxd5 32. Qxd5 Qc5+ 33. Qxc5 Nxc5 34. f5 Rd7 35. Rxd7 Nxd7 36. Nd2 Kf7 37. Kf2 Ke8 38. Ke3 Nc5 39. Kd4 Kd7 40. Nf4 Ke7 41. Nc4 Nb7 42. a4 Kf8 43. Ne6+ Kf7 44. Kd5 g6 45. fxg6+ Kxg6 46. Kc6 Kf5 47. Kxb7 Kxe6 48. Kxa7 Kf5 49. Kxb6 Kf4 50. a5 1-0

[Event "Hessen-ch Seniors op 08th"]
[Site "Bad Sooden-Allendorf"]
[Date "2012.04.22"]
[Round "9"]
[White "Daebel, Hasso"]
[Black "Zoll, Theobald"]
[Result "1-0"]
[WhiteElo "1707"]
[BlackElo "1770"]
[PlyCount "143"]
[EventDate "2012.04.14"]
[EventType "swiss"]
[EventRounds "9"]
[EventCountry "GER"]
[SourceTitle "EXT 2019"]
[Source "ChessBase"]
[SourceDate "2018.10.10"]
[SourceVersion "1"]
[SourceVersionDate "2018.10.10"]
[SourceQuality "1"]

1. d4 Nf6 2. Nf3 g6 3. c3 Bg7 4. h3 d6 5. Bf4 0-0 6. Nbd2 Re8 7. g4 b6 8. e3 Nbd7 9. Be2 Bb7 10. 0-0 Nd5 11. Bg3 e5 12. dxe5 Nxe5 13. Nxe5 Bxe5 14. Bxe5 Rxe5 15. Nf3 Re7 16. Bc4 Nf6 17. Be2 Qd7 18. Nh2 Rae8 19. Bf3 Ne4 20. Qc2 Bc6 21. c4 Ng5 22. Kg2 Nxf3 23. Nxf3 Be4 24. Qe2 f5 25. Kg3 fxg4 26. hxg4 h5 27. Ng5 Bb7 28. gxh5 Qf5 29. Qg4 Qxg4+ 30. Kxg4 gxh5+ 31. Kxh5 Re5 32. Rg1 R8e7 33. Kh4 Kf8 34. Rg3 Ke8 35. Re1 Rg7 36. f4 Ree7 37. f5 Rg8 38. Rg4 Bc8 39. Re4 Rxe4+ 40. Nxe4 Bxf5 41. Nf6+ Kf7 42. Nxg8 Kxg8 43. e4 Be6 44. b3 Kf7 45. Rh1 Ke7 46. Kg5 Kd7 47. Kf4 c6 48. Rh7+ Kc8 49. Rxa7 d5 50. exd5 cxd5 51. cxd5 Bxd5 52. Ke5 Bb7 53. Ra4 Bc6 54. Rc4 Kb7 55. b4 b5 56. Rg4 Be8 57. Kd6 Kb6 58. a3 Bf7 59. Rg7 Bh5 60. Rh7 Bf3 61. Rh6 Bg2 62. Ke5+ Kc7 63. Kd4 Bf1 64. Kc5 Kd7 65. Rb6 Kc7 66. Rxb5 Bxb5 67. Kxb5 Kb7 68. a4 Kb8 69. Kb6 Ka8 70. Kc7 Ka7 71. b5 Ka8 72. a5 1-0

[Event "Hessen-ch Seniors op 08th"]
[Site "Bad Sooden-Allendorf"]
[Date "2012.04.18"]
[Round "5"]
[White "Hartlaub, Marianne"]
[Black "Zoll, Theobald"]
[Result "0-1"]
[WhiteElo "1628"]
[BlackElo "1770"]
[PlyCount "50"]
[EventDate "2012.04.14"]
[EventType "swiss"]
[EventRounds "9"]
[EventCountry "GER"]
[SourceTitle "EXT 2019"]
[Source "ChessBase"]
[SourceDate "2018.10.10"]
[SourceVersion "1"]
[SourceVersionDate "2018.10.10"]
[SourceQuality "1"]

1. Nf3 Nf6 2. c4 c6 3. d4 d5 4. b3 Bf5 5. Nc3 e6 6. Bb2 Nbd7 7. g3 Be7 8. Bg2 0-0 9. Nh4 Bg4 10. 0-0 Ne4 11. Nxe4 dxe4 12. Bxe4 Bxh4 13. gxh4 Qxh4 14. Kh1 Bh3 15. Bg2 Bxg2+ 16. Kxg2 Nf6 17. Qd3 Nh5 18. Bc3 f5 19. Kh1 f4 20. Qe4 Rae8 21. Qg2 f3 22. Qg1 Rf5 23. Rad1 Rg5 24. Qxg5 Qxg5 25. Rg1 Qh4 0-1

[Event "Hessen-ch Seniors op 08th"]
[Site "Bad Sooden-Allendorf"]
[Date "2012.04.15"]
[Round "2"]
[White "Zoll, Theobald"]
[Black "Smits, Oswald"]
[Result "0-1"]
[WhiteElo "1770"]
[BlackElo "1899"]
[PlyCount "127"]
[EventDate "2012.04.14"]
[EventType "swiss"]
[EventRounds "9"]
[EventCountry "GER"]
[SourceTitle "EXT 2019"]
[Source "ChessBase"]
[SourceDate "2018.10.10"]
[SourceVersion "1"]
[SourceVersionDate "2018.10.10"]
[SourceQuality "1"]

1. d4 d5 2. Nf3 Nf6 3. Bf4 e6 4. e3 Bd6 5. Ne5 c6 6. c3 Qe7 7. Nd2 Nbd7 8. Bd3 h6 9. Qc2 Bxe5 10. dxe5 Nh5 11. Be2 Nxf4 12. exf4 b6 13. Nb3 Bb7 14. Nd4 0-0 15. g3 Rfc8 16. Nf3 Re8 17. 0-0 Rac8 18. Qa4 Ra8 19. Qc2 a6 20. a4 c5 21. b3 Rac8 22. Qd2 Red8 23. Qb2 Nb8 24. Rfd1 Ba8 25. Rac1 Qb7 26. Ne1 Qe7 27. Bf3 Nc6 28. Qe2 Bb7 29. Nc2 Rb8 30. Rd2 Na5 31. Rb1 Nc6 32. Qd1 Na7 33. b4 c4 34. Nd4 Qd7 35. h4 Nc6 36. Qc2 Nxd4 37. Rxd4 Bc6 38. Ra1 Ra8 39. Be2 b5 40. a5 Qe7 41. Re1 Be8 42. Bg4 Bd7 43. h5 Rf8 44. f5 exf5 45. Bxf5 Bxf5 46. Qxf5 Qe6 47. Qb1 Rad8 48. Kg2 Rfe8 49. Qd1 f6 50. f4 f5 51. Rg1 Kh8 52. Kh3 g5 53. hxg6 Qxg6 54. g4 Rg8 55. Qf3 fxg4+ 56. Qxg4 Qh7 57. Qd1 Qf5+ 58. Kh2 Rxg1 59. Kxg1 Qh3 60. Kf2 Qh2+ 61. Ke3 Rg8 62. Rd2 Rg3+ 63. Kd4 Qh4 64. Qf1 0-1

[Event "Hessen-ch Seniors op 07th"]
[Site "Bad Sooden-Allendorf"]
[Date "2011.05.06"]
[Round "7"]
[White "Schulz, Eugen"]
[Black "Zoll, Theobald"]
[Result "1-0"]
[WhiteElo "1719"]
[BlackElo "1535"]
[PlyCount "85"]
[EventDate "2011.04.30"]
[EventType "swiss"]
[EventRounds "9"]
[EventCountry "GER"]
[SourceTitle "EXT 2012"]
[Source "ChessBase"]
[SourceDate "2011.11.24"]
[SourceVersion "1"]
[SourceVersionDate "2011.11.24"]
[SourceQuality "1"]

1. e4 c5 2. Nf3 d6 3. d4 cxd4 4. Nxd4 Nf6 5. f3 a6 6. c4 Nc6 7. Be3 e6 8. Nc3 Be7 9. Be2 Qc7 10. 0-0 0-0 11. Rc1 Bd7 12. Kh1 Rac8 13. f4 e5 14. Nb3 exf4 15. Bxf4 Ne5 16. Nd5 Nxd5 17. exd5 Ng6 18. Bg3 Bh4 19. Bxh4 Nxh4 20. Nd4 Qd8 21. Qd2 Ng6 22. b3 Re8 23. Bh5 Ne5 24. Qf4 g6 25. Qg3 Kh8 26. Be2 f5 27. Rce1 Qf6 28. Qf2 Re7 29. g4 Rf7 30. gxf5 Rcf8 31. Ne6 Bxe6 32. dxe6 Qxe6 33. fxe6 Rxf2 34. Rxf2 Re8 35. Rf6 Kg7 36. Ref1 Re7 37. R1f2 b6 38. Bf1 a5 39. Bg2 Ng4 40. Rf7+ Rxf7 41. Rxf7+ Kg8 42. Bd5 Ne5 43. Rf1 1-0

[Event "Hessen-ch Seniors op 07th"]
[Site "Bad Sooden-Allendorf"]
[Date "2011.05.03"]
[Round "4"]
[White "Zoll, Theobald"]
[Black "Smits, Oswald"]
[Result "1/2-1/2"]
[WhiteElo "1535"]
[BlackElo "1756"]
[PlyCount "85"]
[EventDate "2011.04.30"]
[EventType "swiss"]
[EventRounds "9"]
[EventCountry "GER"]
[SourceTitle "EXT 2012"]
[Source "ChessBase"]
[SourceDate "2011.11.24"]
[SourceVersion "1"]
[SourceVersionDate "2011.11.24"]
[SourceQuality "1"]

1. d4 d5 2. Bf4 Nf6 3. e3 Nbd7 4. Nf3 e6 5. Bd3 c5 6. c3 c4 7. Bc2 b5 8. a3 a5 9. Nbd2 Bb7 10. h3 Be7 11. 0-0 0-0 12. Ne5 Ne4 13. Ndf3 Ndf6 14. Ng4 Nh5 15. Bh2 f6 16. Nd2 Nxd2 17. Qxd2 f5 18. Ne5 Nf6 19. f3 Nd7 20. Nxd7 Qxd7 21. Be5 Rf7 22. g4 fxg4 23. hxg4 Bh4 24. Qh2 Qe7 25. f4 h6 26. Bg6 Rff8 27. Rf3 Bf6 28. Bxf6 Rxf6 29. Qh5 Bc6 30. g5 Rxg6 31. Qxg6 Be8 32. Qc2 hxg5 33. fxg5 Qxg5+ 34. Qg2 Qxg2+ 35. Kxg2 Bg6 36. Kg3 Bf5 37. Kf4 Kf7 38. Ke5 Ke7 39. Rg1 Rg8 40. Rfg3 g6 41. Rh1 g5 42. Rh6 g4 43. Rf6 1/2-1/2

[Event "Hessen-ch Seniors op 07th"]
[Site "Bad Sooden-Allendorf"]
[Date "2011.04.30"]
[Round "1"]
[White "Rychlik, Kurt"]
[Black "Zoll, Theobald"]
[Result "1-0"]
[WhiteElo "1900"]
[BlackElo "1535"]
[PlyCount "47"]
[EventDate "2011.04.30"]
[EventType "swiss"]
[EventRounds "9"]
[EventCountry "GER"]
[SourceTitle "EXT 2012"]
[Source "ChessBase"]
[SourceDate "2011.11.24"]
[SourceVersion "1"]
[SourceVersionDate "2011.11.24"]
[SourceQuality "1"]

1. e4 c5 2. Nf3 Nc6 3. d4 cxd4 4. Nxd4 Nf6 5. Nc3 e6 6. Be3 a6 7. Be2 Be7 8. 0-0 Qc7 9. Qd2 d6 10. f4 Bd7 11. Kh1 b5 12. Bf3 Rb8 13. Qf2 b4 14. Nce2 0-0 15. g4 e5 16. Nf5 exf4 17. Nxf4 Rfe8 18. g5 Bxf5 19. gxf6 Bxe4 20. Bxe4 Bxf6 21. Nd5 Qa5 22. Nxf6+ gxf6 23. Bxc6 Re5 24. Qxf6 1-0

[Event "Niedersachsen-ch Seniors op 13th"]
[Site "Bad Bevensen"]
[Date "2010.07.13"]
[Round "8"]
[White "Zoll, Theobald"]
[Black "Schwenke, Norbert"]
[Result "1-0"]
[WhiteElo "1503"]
[BlackElo "1404"]
[PlyCount "117"]
[EventDate "2010.07.06"]
[EventType "swiss"]
[EventRounds "9"]
[EventCountry "GER"]
[SourceTitle "EXT 2012"]
[Source "ChessBase"]
[SourceDate "2011.11.24"]
[SourceVersion "1"]
[SourceVersionDate "2011.11.24"]
[SourceQuality "1"]

1. d4 Nf6 2. Bf4 d5 3. e3 a6 4. Nd2 Bg4 5. Ngf3 Nc6 6. h3 Bf5 7. a3 h6 8. c4 e6 9. c5 Be7 10. Qa4 0-0 11. Ne5 Nxe5 12. Bxe5 Nd7 13. Bg3 Nf6 14. Qb3 Qc8 15. Bd3 Bxd3 16. Qxd3 Nh5 17. Bh2 Qd7 18. b4 Qb5 19. Qxb5 axb5 20. Bxc7 Rfc8 21. Bh2 Rc6 22. 0-0 Nf6 23. f3 Rca6 24. Nb1 Nd7 25. Rc1 e5 26. dxe5 Re6 27. f4 f6 28. f5 Rea6 29. e6 Ne5 30. Bxe5 fxe5 31. Rc3 Bf6 32. Ra2 e4 33. Rb3 Rc6 34. Nc3 Bxc3 35. Rxc3 b6 36. Rd2 Rd8 37. Kf2 Kf8 38. g4 Ke7 39. Rdc2 d4 40. exd4 Rxd4 41. Ke3 bxc5 42. bxc5 Ra4 43. Rd2 b4 44. Rc4 Rxa3+ 45. Kd4 e3 46. Re2 b3 47. Rxe3 b2 48. Rb4 Rxe3 49. Kxe3 Rxc5 50. Kd2 Rd5+ 51. Kc2 Re5 52. Kxb2 Re3 53. Rb3 Re2+ 54. Kc1 Kf6 55. Kd1 Re5 56. Rb7 Kg5 57. Rxg7+ Kh4 58. e7 Kxh3 59. f6 1-0

[Event "Niedersachsen-ch Seniors op 13th"]
[Site "Bad Bevensen"]
[Date "2010.07.12"]
[Round "7"]
[White "Schumacher, Horst"]
[Black "Zoll, Theobald"]
[Result "1-0"]
[WhiteElo "1627"]
[BlackElo "1503"]
[PlyCount "53"]
[EventDate "2010.07.06"]
[EventType "swiss"]
[EventRounds "9"]
[EventCountry "GER"]
[SourceTitle "EXT 2012"]
[Source "ChessBase"]
[SourceDate "2011.11.24"]
[SourceVersion "1"]
[SourceVersionDate "2011.11.24"]
[SourceQuality "1"]

1. e4 c5 2. d4 cxd4 3. c3 dxc3 4. Nxc3 Nc6 5. Nf3 d6 6. Bc4 h6 7. h3 a6 8. 0-0 b5 9. Bxf7+ Kxf7 10. Qd5+ e6 11. Qxc6 Bd7 12. Qb7 Ne7 13. Ne5+ dxe5 14. Rd1 Ke8 15. Rxd7 Qc8 16. Qxc8+ Nxc8 17. Rd3 Be7 18. Be3 Na7 19. Rc1 Kf7 20. Rd7 Nc6 21. Nxb5 axb5 22. Rxc6 Kf6 23. Rcc7 Rhe8 24. a3 Rac8 25. Rxe7 Rxc7 26. Rxc7 Rd8 27. Rb7 1-0

[Event "Bad Bevensen Seniors op 12th"]
[Site "Bad Bevensen"]
[Date "2009.07.15"]
[Round "9"]
[White "Vladov, Mark"]
[Black "Zoll, Theobald"]
[Result "1/2-1/2"]
[WhiteElo "1651"]
[BlackElo "1529"]
[PlyCount "81"]
[EventDate "2009.07.07"]
[EventType "swiss"]
[EventRounds "9"]
[EventCountry "GER"]
[SourceTitle "EXT 2022"]
[Source "ChessBase"]
[SourceDate "2021.10.06"]
[SourceVersion "1"]
[SourceVersionDate "2021.10.06"]
[SourceQuality "1"]

1. c4 c6 2. d4 d5 3. Nf3 Nf6 4. Nc3 Bf5 5. g3 e6 6. Bg2 h6 7. Qb3 Qb6 8. c5 Qxb3 9. axb3 Be7 10. b4 Nbd7 11. b5 0-0 12. 0-0 Ne4 13. Nxe4 Bxe4 14. bxc6 bxc6 15. Ra6 Nb8 16. Ra3 Nd7 17. Bd2 Rfb8 18. Bc3 Rb7 19. Rfa1 Nb8 20. Ne1 Bxg2 21. Kxg2 f6 22. Nd3 Bd8 23. h4 g5 24. hxg5 hxg5 25. Nb4 g4 26. Nd3 Bc7 27. Ba5 Na6 28. Bxc7 Nxc7 29. Ra6 Nxa6 30. Rxa6 Rc7 31. b4 Rb8 32. Ra4 Kf7 33. f3 gxf3+ 34. exf3 f5 35. Ne5+ Kg7 36. Kf2 Rh8 37. Ke3 Rh1 38. Ra6 Rb1 39. Nxc6 Kf6 40. Nd8 Re7 41. Nc6 1/2-1/2